Statistiques concernant Les plus grandes villes d'Europe

Cliquez ici pour prendre le quiz!

Statistiques générales

  • Ce quiz a été pris 14,446 fois
    (7,113 depuis la dernière actualisation)
  • Le résultat moyen est 31 sur 51

Statistiques - réponses

Population Agglomération % Correct
11,3 milParis
100%
14,6 milLondres
98%
6,35 milMadrid
97%
4,63 milBerlin
96%
1,66 milMarseille
95%
3,60 milRome
95%
17,0 milMoscou
94%
4,70 milBarcelone
92%
1,98 milLyon
92%
2,55 milLisbonne
90%
2,05 milBruxelles
87%
1,37 milDublin
85%
2,43 milAmsterdam
85%
5,15 milMilan
84%
3,38 milAthènes
84%
2,23 milVienne
82%
2,30 milVarsovie
81%
2,58 milBudapest
81%
2,25 milMunich
79%
2,20 milBucarest
78%
3,45 milKiev
77%
3,03 milManchester
77%
5,50 milSaint-Pétersbourg
75%
1,42 milPrague
75%
2,15 milStockholm
74%
4,23 milNaples
73%
1,66 milCopenhague
72%
14,8 milIstamboul
69%
1,66 milTurin
66%
1,86 milLiverpool
63%
2,83 milHambourg
58%
3,20 milRotterdam/La Haye
58%
2,00 milMinsk
57%
3,23 milFrancfort-sur-le-Main
54%
1,41 milBelgrade
51%
1,40 milZurich
50%
1,76 milValence
47%
1,66 milGlasgow
46%
3,10 milBirmingham
37%
2,38 milStuttgart
30%
2,15 milLeeds
23%
1,47 milNewcastle
13%
1,45 milDonetsk
13%
1,63 milIekaterinbourg
11%
1,41 milVolgograd
11%
1,63 milKharkiv
10%
1,55 milSheffield
8%
1,74 milNijni Novgorod
8%
1,37 milNottingham
6%
1,41 milTcheliabinsk
5%
1,57 milMannheim
4%

Distribution des résultats

Percentile par nombre de réponses

% des personnes avec chaque résultat

Votre développement - résultats

Vous n’avez pas pris ce quiz depuis la dernière actualisation